[Event "Bratislava Slovan op"]
[Site "Bratislava"]
[Date "2001.??.??"]
[Round "2"]
[White "Kisonova, Katarina"]
[Black "Bombek, Peter"]
[Result "0-1"]
[WhiteElo "2102"]
[BlackElo "2271"]
[PlyCount "50"]
[EventDate "2001.04.28"]
[EventType "swiss"]
[EventRounds "9"]
[EventCountry "SVK"]
[SourceTitle "EXT 2006"]
[Source "ChessBase"]
[SourceDate "2005.11.24"]
[SourceVersion "1"]
[SourceVersionDate "2005.11.24"]
[SourceQuality "1"]

1. e4 d5 2. exd5 Qxd5 3. Nc3 Qa5 4. d4 Nf6 5. Nf3 Nc6 6. h3 Bf5 7. Bb5 Ne4 8. 0-0 Nxc3 9. Bxc6+ bxc6 10. Qd2 e6 11. bxc3 Bd6 12. Re1 0-0 13. Nh4 Rab8 14. g4 Bg6 15. f4 Be7 16. Nf3 Qd5 17. Qe2 Rfe8 18. c4 Qa5 19. Ne5 Bh4 20. Rf1 Qc3 21. Be3 Rb2 22. Rac1 Be4 23. Rfd1 Bf6 24. d5 exd5 25. Bd4 Qg3+ 0-1

[Event "SVK-ch U20 Girls"]
[Site "Bratislava"]
[Date "2001.??.??"]
[Round "2.1"]
[White "Machalova, Erika"]
[Black "Kisonova, Katarina"]
[Result "0-1"]
[WhiteElo "1896"]
[BlackElo "2102"]
[PlyCount "60"]
[EventDate "2001.06.??"]
[EventType "tourn"]
[EventRounds "7"]
[EventCountry "SVK"]
[SourceTitle "CBM 082 Extra"]
[Source "ChessBase"]
[SourceDate "2001.07.03"]
[SourceVersion "1"]
[SourceVersionDate "2001.07.03"]
[SourceQuality "1"]

1. d4 e6 2. c4 f5 3. g3 Nf6 4. Bg2 c5 5. e3 Qc7 6. Qb3 cxd4 7. exd4 Nc6 8. Bf4 d6 9. Bxc6+ Qxc6 10. f3 Bd7 11. Ne2 Rc8 12. Nd2 Be7 13. Rc1 Qa6 14. Nc3 0-0 15. 0-0 Kh8 16. Rce1 Nh5 17. Be3 f4 18. Bf2 fxg3 19. Bxg3 Nxg3 20. hxg3 Bf6 21. Ne2 b5 22. Rc1 bxc4 23. Qc2 c3 24. Nxc3 Bxd4+ 25. Kg2 Bb5 26. Rh1 Bd3 27. Qb3 d5 28. Rce1 Rb8 29. Qd1 Rxb2 30. Ne2 Be3 0-1